Normal view MARC view
  • Film criticism

Entry Topical Term

Number of records used in: 4

001 - CONTROL NUMBER

  • control field: 39198

003 - CONTROL NUMBER IDENTIFIER

  • control field: OSt

005 - DATE AND TIME OF LATEST TRANSACTION

  • control field: 20160201115833.0

008 - FIXED-LENGTH DATA ELEMENTS

  • fixed length control field: 160201|| aca||babn | a|a d

040 ## - CATALOGING SOURCE

  • Original cataloging agency: OSt

150 ## - HEADING--TOPICAL TERM

  • Topical term or geographic name as entry element: Film criticism

450 ## - SEE FROM TRACING--TOPICAL TERM

  • Topical term or geographic name entry element: Motion picture criticism

450 ## - SEE FROM TRACING--TOPICAL TERM

  • Topical term or geographic name entry element: Motion pictures
  • General subdivision: Criticism

450 ## - SEE FROM TRACING--TOPICAL TERM

  • Topical term or geographic name entry element: Moving-picture criticism

550 ## - SEE ALSO FROM TRACING--TOPICAL TERM

  • Topical term or geographic name entry element: Criticism

550 ## - SEE ALSO FROM TRACING--TOPICAL TERM

  • Topical term or geographic name entry element: Motion pictures
  • General subdivision: Evaluation